MARC details
| 000 -LEADER |
| fixed length control field |
06519cgm a2201189Ii 4500 |
| 001 - CONTROL NUMBER |
| control field |
on1119668848 |
| 003 - CONTROL NUMBER IDENTIFIER |
| control field |
OCoLC |
| 005 - DATE AND TIME OF LATEST TRANSACTION |
| control field |
20191106083630.0 |
| 007 - PHYSICAL DESCRIPTION FIXED FIELD--GENERAL INFORMATION |
| fixed length control field |
vd cvaizk |
| 008 - FIXED-LENGTH DATA ELEMENTS--GENERAL INFORMATION |
| fixed length control field |
190916p20192019cau109 vleng d |
| 040 ## - CATALOGING SOURCE |
| Original cataloging agency |
TEFMT |
| Language of cataloging |
eng |
| Description conventions |
rda |
| Transcribing agency |
TEFMT |
| Modifying agency |
TEF |
| -- |
TEFMT |
| -- |
OCLCF |
| -- |
PX0 |
| -- |
RB0 |
| -- |
INO |
| -- |
UINTA |
| 024 1# - OTHER STANDARD IDENTIFIER |
| Standard number or code |
024543631255 |
| 024 10 - OTHER STANDARD IDENTIFIER |
| Standard number or code |
024543631248 |
| 028 42 - PUBLISHER NUMBER |
| Publisher number |
2363125 |
| Source |
20th Century Fox Home Entertainment |
| 028 42 - PUBLISHER NUMBER |
| Publisher number |
2363124 |
| Source |
20th Century Fox |
| 035 ## - SYSTEM CONTROL NUMBER |
| System control number |
(OCoLC)1119668848 |
| 037 ## - SOURCE OF ACQUISITION |
| Source of stock number/acquisition |
Midwest Tape |
| Note |
http://www.midwesttapes.com |
| 041 1# - LANGUAGE CODE |
| Language code of text/sound track or separate title |
eng |
| -- |
fre |
| -- |
spa |
| -- |
fre |
| -- |
spa |
| -- |
eng |
| Language code of original and/or intermediate translations of text |
eng |
| 050 #4 - LIBRARY OF CONGRESS CALL NUMBER |
| Classification number |
PN1997.2 |
| Item number |
.A78 2019 |
| 082 04 - DEWEY DECIMAL CLASSIFICATION NUMBER |
| Classification number |
791.43/72 |
| Edition number |
23 |
| 049 ## - LOCAL HOLDINGS (OCLC) |
| Holding library |
UCLB |
| 245 04 - TITLE STATEMENT |
| Title |
The art of racing in the rain / |
| Statement of responsibility, etc |
Fox 2000 Pictures presents ; an Original Film/Shifting Gears Productions production ; produced by Neal H. Moritz, Patrick Dempsey, Tania Landau ; screenplay by Mark Bomback ; directed by Simon Curtis. |
| 257 ## - COUNTRY OF PRODUCING ENTITY FOR ARCHIVAL FILMS |
| Country of producing entity |
United States |
| -- |
naf |
| 264 #1 - Production, Publication, Distribution, Manufacture, and Copyright Notice. |
| Place of production, publication, distribution, manufacture |
Beverly Hills, CA : |
| Name of producer, publisher, distributor, manufacturer |
20th Century Fox Home Entertainment, |
| Date of production, publication, distribution, manufacture, or copyr |
[2019] |
| 300 ## - PHYSICAL DESCRIPTION |
| Extent |
1 videodisc (approximately 109 minutes) : |
| Other physical details |
sound, color ; |
| Dimensions |
4 3/4 in. |
| 336 ## - Content Type |
| Content type term |
two-dimensional moving image |
| 337 ## - Media type |
| Media type term |
video |
| 338 ## - Carrier type |
| Carrier type term |
videodisc |
| 340 ## - PHYSICAL MEDIUM |
| Information recording technique |
stamping |
| -- |
rdapm |
| 340 ## - PHYSICAL MEDIUM |
| Dimensions |
4 3/4 in. |
| -- |
color |
| -- |
rda |
| 344 ## - |
| -- |
digital |
| -- |
rdatr |
| 344 ## - |
| -- |
optical |
| -- |
rdapm |
| 344 ## - |
| -- |
surround |
| -- |
rdapc |
| 344 ## - |
| -- |
stereo |
| -- |
rdapc |
| 344 ## - |
| -- |
Dolby Digital 5.1 |
| 344 ## - |
| -- |
Dolby Digital 2.0 |
| 346 ## - |
| -- |
NTSC |
| -- |
rdabs |
| 347 ## - |
| -- |
video file |
| -- |
rdaft |
| 347 ## - |
| -- |
DVD video |
| 347 ## - |
| -- |
Region 1 |
| -- |
rdare |
| 380 ## - |
| -- |
Motion pictures |
| -- |
lcgft |
| 538 ## - SYSTEM DETAILS NOTE |
| System details note |
DVD, NTSC region 1, widescreen (1.85:1) presentation; Dolby Digital 5.1, Dolby Digital 2.0. |
| 546 ## - LANGUAGE NOTE |
| Language note |
In English, French, or Spanish; Spanish or French subtitles; English subtitles for the deaf and hard-of-hearing (SDH); English descriptive audio track for people with visual disabilities. |
| 511 1# - PARTICIPANT OR PERFORMER NOTE |
| Participant or performer note |
Milo Ventimiglia, Amanda Seyfried, Kathy Baker, Martin Donovan, Gary Cole, Ryan Kiera Armstrong; voice of Kevin Costner. |
| 508 ## - CREATION/PRODUCTION CREDITS NOTE |
| Creation/production credits note |
Costume designer, Monique Prudhomme ; music, Dustin O'Halloran, Volker Bertelmann ; film editor, Adam Recht ; production designer, Brent Thomas ; director of photography, Ross Emery. |
| 500 ## - GENERAL NOTE |
| General note |
Based on the novel by Garth Stein. |
| 500 ## - GENERAL NOTE |
| General note |
Originally released as a motion picture in 2019. |
| 500 ## - GENERAL NOTE |
| General note |
Wide screen (1.85:1). |
| 521 8# - TARGET AUDIENCE NOTE |
| Target audience note |
MPAA rating: PG; for thematic material. |
| 520 ## - SUMMARY, ETC. |
| Summary, etc |
Based on the best-selling novel by Garth Stein, this is a heartfelt tale narrated by a witty and philosophical dog named Enzo. Through his bond with his owner Denny, an aspiring Formula One racecar driver, Enzo has gained tremendous insight into the human condition and understands that the techniques needed on the racetrack can also be used to successfully navigate the journey of life. The film follows Denny and the loves of his life, his wife, Eve, their daughter Zoe, and his best friend, Enzo. |
| 500 ## - GENERAL NOTE |
| General note |
DVD special features: A journey to screen; Directing The Art; Enzo cam; Behind the wheel; The dog stays in the picture; Enzo's first ride; Audio commentary by director Simon Curtis. |
| 650 #0 - SUBJECT ADDED ENTRY--TOPICAL TERM |
| Topical term or geographic name as entry element |
Dogs |
| Form subdivision |
Drama. |
| 9 (RLIN) |
5699115 |
| 650 #0 - SUBJECT ADDED ENTRY--TOPICAL TERM |
| Topical term or geographic name as entry element |
Automobile racing drivers |
| Form subdivision |
Drama. |
| 9 (RLIN) |
5730071 |
| 650 #0 - SUBJECT ADDED ENTRY--TOPICAL TERM |
| Topical term or geographic name as entry element |
Human-animal relationships |
| Form subdivision |
Drama. |
| 9 (RLIN) |
5692867 |
| 650 #0 - SUBJECT ADDED ENTRY--TOPICAL TERM |
| Topical term or geographic name as entry element |
Man-woman relationships |
| Form subdivision |
Drama. |
| 9 (RLIN) |
5673977 |
| 650 #7 - SUBJECT ADDED ENTRY--TOPICAL TERM |
| Topical term or geographic name as entry element |
Automobile racing drivers. |
| Source of heading or term |
fast |
| -- |
(OCoLC)fst00823150 |
| 9 (RLIN) |
79809 |
| 650 #7 - SUBJECT ADDED ENTRY--TOPICAL TERM |
| Topical term or geographic name as entry element |
Dogs. |
| Source of heading or term |
fast |
| -- |
(OCoLC)fst00896265 |
| 9 (RLIN) |
82829 |
| 650 #7 - SUBJECT ADDED ENTRY--TOPICAL TERM |
| Topical term or geographic name as entry element |
Human-animal relationships. |
| Source of heading or term |
fast |
| -- |
(OCoLC)fst00963482 |
| 9 (RLIN) |
85557 |
| 650 #7 - SUBJECT ADDED ENTRY--TOPICAL TERM |
| Topical term or geographic name as entry element |
Man-woman relationships. |
| Source of heading or term |
fast |
| -- |
(OCoLC)fst01007080 |
| 9 (RLIN) |
96591 |
| 655 #7 - INDEX TERM--GENRE/FORM |
| Genre/form data or focus term |
Animal films. |
| Source of term |
fast |
| -- |
(OCoLC)fst01726234 |
| 9 (RLIN) |
5696821 |
| 655 #7 - INDEX TERM--GENRE/FORM |
| Genre/form data or focus term |
Comedy films. |
| Source of term |
fast |
| -- |
(OCoLC)fst01710291 |
| 9 (RLIN) |
102658 |
| 655 #7 - INDEX TERM--GENRE/FORM |
| Genre/form data or focus term |
Drama. |
| Source of term |
fast |
| -- |
(OCoLC)fst01423879 |
| 9 (RLIN) |
5673873 |
| 655 #7 - INDEX TERM--GENRE/FORM |
| Genre/form data or focus term |
Feature films. |
| Source of term |
fast |
| -- |
(OCoLC)fst01710384 |
| 9 (RLIN) |
102699 |
| 655 #7 - INDEX TERM--GENRE/FORM |
| Genre/form data or focus term |
Fiction films. |
| Source of term |
fast |
| -- |
(OCoLC)fst01710264 |
| 9 (RLIN) |
5674705 |
| 655 #7 - INDEX TERM--GENRE/FORM |
| Genre/form data or focus term |
Film adaptations. |
| Source of term |
fast |
| -- |
(OCoLC)fst01710491 |
| 9 (RLIN) |
5805920 |
| 655 #7 - INDEX TERM--GENRE/FORM |
| Genre/form data or focus term |
Romance films. |
| Source of term |
fast |
| -- |
(OCoLC)fst01710332 |
| 9 (RLIN) |
5675183 |
| 655 #7 - INDEX TERM--GENRE/FORM |
| Genre/form data or focus term |
Video recordings for people with visual disabilities. |
| Source of term |
fast |
| -- |
(OCoLC)fst01710451 |
| 9 (RLIN) |
5676923 |
| 655 #7 - INDEX TERM--GENRE/FORM |
| Genre/form data or focus term |
Video recordings for the hearing impaired. |
| Source of term |
fast |
| -- |
(OCoLC)fst01710450 |
| 9 (RLIN) |
5805921 |
| 655 #7 - INDEX TERM--GENRE/FORM |
| Genre/form data or focus term |
Feature films. |
| Source of term |
lcgft |
| 9 (RLIN) |
102699 |
| 655 #7 - INDEX TERM--GENRE/FORM |
| Genre/form data or focus term |
Fiction films. |
| Source of term |
lcgft |
| 9 (RLIN) |
5674705 |
| 655 #7 - INDEX TERM--GENRE/FORM |
| Genre/form data or focus term |
Film adaptations. |
| Source of term |
lcgft |
| 9 (RLIN) |
5805920 |
| 655 #7 - INDEX TERM--GENRE/FORM |
| Genre/form data or focus term |
Animal films. |
| Source of term |
lcgft |
| 9 (RLIN) |
5696821 |
| 655 #7 - INDEX TERM--GENRE/FORM |
| Genre/form data or focus term |
Comedy films. |
| Source of term |
lcgft |
| 9 (RLIN) |
102658 |
| 655 #7 - INDEX TERM--GENRE/FORM |
| Genre/form data or focus term |
Romance films. |
| Source of term |
lcgft |
| 9 (RLIN) |
5675183 |
| 655 #7 - INDEX TERM--GENRE/FORM |
| Genre/form data or focus term |
Video recordings for the hearing impaired. |
| Source of term |
lcgft |
| 9 (RLIN) |
5805921 |
| 655 #7 - INDEX TERM--GENRE/FORM |
| Genre/form data or focus term |
Video recordings for people with visual disabilities. |
| Source of term |
lcgft |
| 9 (RLIN) |
5676923 |
| 700 1# - ADDED ENTRY--PERSONAL NAME |
| Personal name |
Curtis, Simon, |
| Dates associated with a name |
1960- |
| Relator term |
film director. |
| 9 (RLIN) |
71154 |
| 700 1# - ADDED ENTRY--PERSONAL NAME |
| Personal name |
Bomback, Mark, |
| Relator term |
screenwriter. |
| 9 (RLIN) |
70539 |
| 700 1# - ADDED ENTRY--PERSONAL NAME |
| Personal name |
Moritz, Neal H., |
| Relator term |
film producer. |
| 9 (RLIN) |
64986 |
| 700 1# - ADDED ENTRY--PERSONAL NAME |
| Personal name |
Dempsey, Patrick, |
| Dates associated with a name |
1966- |
| Relator term |
film producer. |
| 9 (RLIN) |
43196 |
| 700 1# - ADDED ENTRY--PERSONAL NAME |
| Personal name |
Landau, Tania, |
| Relator term |
film producer. |
| 9 (RLIN) |
5805922 |
| 700 1# - ADDED ENTRY--PERSONAL NAME |
| Personal name |
Ventimiglia, Milo, |
| Dates associated with a name |
1977- |
| Relator term |
actor. |
| 9 (RLIN) |
74141 |
| 700 1# - ADDED ENTRY--PERSONAL NAME |
| Personal name |
Seyfried, Amanda, |
| Relator term |
actor. |
| 9 (RLIN) |
71235 |
| 700 1# - ADDED ENTRY--PERSONAL NAME |
| Personal name |
Baker, Kathy, |
| Dates associated with a name |
1950- |
| Relator term |
actor. |
| 9 (RLIN) |
62913 |
| 700 1# - ADDED ENTRY--PERSONAL NAME |
| Personal name |
Donovan, Martin, |
| Dates associated with a name |
1957- |
| Relator term |
actor. |
| 9 (RLIN) |
5805923 |
| 700 1# - ADDED ENTRY--PERSONAL NAME |
| Personal name |
Cole, Gary, |
| Dates associated with a name |
1956- |
| Relator term |
actor. |
| 9 (RLIN) |
61415 |
| 700 1# - ADDED ENTRY--PERSONAL NAME |
| Personal name |
Armstrong, Ryan Kiera, |
| Relator term |
actor. |
| 9 (RLIN) |
5805924 |
| 700 1# - ADDED ENTRY--PERSONAL NAME |
| Personal name |
Costner, Kevin, |
| Relator term |
voice actor. |
| 9 (RLIN) |
26001 |
| 700 0# - ADDED ENTRY--PERSONAL NAME |
| Personal name |
Hauschka |
| Titles and other words associated with a name |
(Musician), |
| Relator term |
composer (expression) |
| 9 (RLIN) |
5805925 |
| 700 1# - ADDED ENTRY--PERSONAL NAME |
| Personal name |
O'Halloran, Dustin, |
| Dates associated with a name |
1971- |
| Relator term |
composer (expression) |
| 9 (RLIN) |
5805926 |
| 700 1# - ADDED ENTRY--PERSONAL NAME |
| Personal name |
Emery, Ross, |
| Relator term |
director of photography. |
| 9 (RLIN) |
5805927 |
| 700 1# - ADDED ENTRY--PERSONAL NAME |
| Personal name |
Recht, Adam, |
| Relator term |
editor of moving image work. |
| 9 (RLIN) |
5805928 |
| 700 12 - ADDED ENTRY--PERSONAL NAME |
| -- |
Motion picture adapation of (work): |
| Personal name |
Stein, Garth. |
| Title of a work |
Art of racing in the rain. |
| 9 (RLIN) |
5805929 |
| 710 2# - ADDED ENTRY--CORPORATE NAME |
| Corporate name or jurisdiction name as entry element |
Fox 2000 Pictures, |
| Relator term |
production company. |
| 9 (RLIN) |
66278 |
| 710 2# - ADDED ENTRY--CORPORATE NAME |
| Corporate name or jurisdiction name as entry element |
Original Film (Firm), |
| Relator term |
production company. |
| 9 (RLIN) |
5763575 |
| 710 2# - ADDED ENTRY--CORPORATE NAME |
| Corporate name or jurisdiction name as entry element |
Shifting Gears Productions (Firm), |
| Relator term |
production company. |
| 9 (RLIN) |
5805930 |
| 710 2# - ADDED ENTRY--CORPORATE NAME |
| Corporate name or jurisdiction name as entry element |
Twentieth Century Fox Home Entertainment, Inc., |
| Relator term |
publisher. |
| 9 (RLIN) |
61951 |
| 730 02 - ADDED ENTRY--UNIFORM TITLE |
| -- |
Container of (work): |
| Uniform title |
Art of racing in the rain (Motion picture). |
| 9 (RLIN) |
5805931 |
| 730 02 - ADDED ENTRY--UNIFORM TITLE |
| -- |
Container of (expression): |
| Uniform title |
Art of racing in the rain (Motion picture). |
| Language of a work |
Spanish. |
| 9 (RLIN) |
5805932 |
| 730 02 - ADDED ENTRY--UNIFORM TITLE |
| -- |
Container of (expression): |
| Uniform title |
Art of racing in the rain (Motion picture). |
| Language of a work |
French. |
| 9 (RLIN) |
5805933 |
| 994 ## - |
| -- |
C0 |
| -- |
UINTA |